000
00286nam a22001217a 4500
020
_a
0716735202
100
_a
ANTHONY J. F. GRIFFITHS
245
_a
AN INTRODUCTION TO GENETIC ANALYSIS
250
_a
SEVENTH
260
_a
U.S.A
_b
W.H. FREEMAN
_c
2000
300
_a
860
_b
ILL
942
_c
BK
999
_c
251844
_d
251843